000 00761nam a22001817a 4500
003 UA-OsUOA
001 15495
007 ta
008 20031112b un ||||| |||| 00| 0 ukr d
100 _aЗахарчук А.
942 _cSA
040 _aUA-OsUOA
_cUA-OsUOA
_dUA-OsUOA
245 _aЧим переймаються австралійці: Остроз акад. зацікавила заокеан. представниць укр. культури:[Про візит на Рівненщину представниць з Австралії , двох сестер Г.Кошарської та О.Ткач]
300 _aС.3
955 _a0
773 0 _w0
_tРівне вечірнє
_dРівне
_d2003
_g№50/15 лип./
650 7 _aАкадемії
_2UDC
999 _c301660
_d301660